Ďalšie vzdelávanie - významný faktor rozvoja ľudských zdrojov
Rozvoj ľudských zdrojov a vzdelávanie zamestnancov. Kríza, vzdelávacie aktivity, nedostatok finančných zdrojov. Globálna kríza v manažmente ľudských zdrojov. Možnosti zosúladenia vzdelávania s potrebami trhu práce.
Guardado en:
| Autor principal: | |
|---|---|
| Formato: | Capítulo de libro |
| Lenguaje: | eslovaco |
| Materias: | |
| Etiquetas: |
Sin Etiquetas, Sea el primero en etiquetar este registro!
|
MARC
| LEADER | 00000nla$a2200000$$$4500 | ||
|---|---|---|---|
| 001 | 0114668 | ||
| 005 | 20240502072258.8 | ||
| 041 | 0 | |a slo | |
| 044 | |a SK | ||
| 245 | 1 | 0 | |a Ďalšie vzdelávanie - významný faktor rozvoja ľudských zdrojov |c Marta Matulčíková |
| 520 | |a Rozvoj ľudských zdrojov a vzdelávanie zamestnancov. Kríza, vzdelávacie aktivity, nedostatok finančných zdrojov. Globálna kríza v manažmente ľudských zdrojov. Možnosti zosúladenia vzdelávania s potrebami trhu práce. | ||
| 610 | 2 | 0 | |a kríza hospodárska |
| 610 | 2 | 0 | |a manažment personálny |
| 610 | 2 | 0 | |a zdroje ľudské |
| 610 | 2 | 0 | |a rozvoj pracovníkov |
| 610 | 2 | 0 | |a vzdelávanie ďalšie |
| 610 | 2 | 0 | |a trh práce |
| 100 | 1 | |a Matulčíková, Marta, 1964- | |